[Event "Trophee Roza Lallemand Online"]
[Site "Tornelo INT"]
[Date "2020.12.13"]
[Round "1"]
[White "Alsaied, Zeina"]
[Black "Lu, Haiming"]
[Result "0-1"]
[WhiteElo "1061"]
[BlackElo "1336"]
[PlyCount "74"]
[EventDate "2020.12.13"]
[EventType "swiss (rapid)"]
[EventRounds "9"]
[EventCountry "USA"]
[SourceTitle "EXT 2022"]
[Source "ChessBase"]
[SourceDate "2021.10.06"]
[SourceVersion "1"]
[SourceVersionDate "2021.10.06"]
[SourceQuality "1"]

1. e4 c5 2. Bc4 Nc6 3. Nf3 d6 4. h3 Nf6 5. Nc3 g6 6. 0-0 Bg7 7. d3 0-0 8. Be3 a6 9. a4 Bd7 10. d4 cxd4 11. Bxd4 Nxd4 12. Nxd4 Qb6 13. Bb3 Nxe4 14. Nxe4 Qxd4 15. Qxd4 Bxd4 16. c3 Bg7 17. Rfe1 Bc6 18. Nd2 Rad8 19. Rxe7 Bf6 20. Ree1 Rfe8 21. Rxe8+ Rxe8 22. Nc4 d5 23. Nb6 Rd8 24. Rd1 d4 25. cxd4 Rxd4 26. Rxd4 Bxd4 27. Nc4 b5 28. axb5 axb5 29. Na5 Bd7 30. Kf1 Bxb2 31. Ke2 Bc3 32. Nb7 b4 33. Nc5 Bc6 34. f3 Kf8 35. Kd3 Bb5+ 36. Ke4 Ke7 37. Kd5 f5 0-1

[Event "Trophee Roza Lallemand Online"]
[Site "Tornelo INT"]
[Date "2020.12.13"]
[Round "4"]
[White "Lefort, Sophie"]
[Black "Alsaied, Zeina"]
[Result "0-1"]
[WhiteElo "1517"]
[BlackElo "1061"]
[PlyCount "58"]
[EventDate "2020.12.13"]
[EventType "swiss (rapid)"]
[EventRounds "9"]
[EventCountry "USA"]
[SourceTitle "EXT 2022"]
[Source "ChessBase"]
[SourceDate "2021.10.06"]
[SourceVersion "1"]
[SourceVersionDate "2021.10.06"]
[SourceQuality "1"]

1. e4 e5 2. Nf3 Nc6 3. Bb5 d6 4. h3 Bd7 5. Nc3 h6 6. d3 Nf6 7. Be3 a6 8. Ba4 Be7 9. Qd2 0-0 10. 0-0 Be6 11. Nh2 d5 12. exd5 Bxd5 13. Rae1 Bb4 14. a3 Bd6 15. f4 e4 16. dxe4 Bxe4 17. Bf2 Re8 18. Bh4 Bc5+ 19. Qe3 Bxe3+ 20. Rxe3 Bf5 21. Rg3 Qd4+ 22. Kh1 Nh5 23. Rgf3 Re3 24. Bf2 Rae8 25. Bb3 Qd2 26. Rd1 Re1+ 27. Bxe1 Rxe1+ 28. Rf1 Ng3+ 29. Kg1 Qe3# 0-1